000 00673nam a22002417a 4500
003 UA-OsUOA
001 67724
007 ta
008 20100309b un ||||| |||| 00| 0 ukr d
100 _aТонков Е. Е.
090 _a347.96(470+571)
_bТ57
942 _cBK
040 _aUA-OsUOA
_brus
_cUA-OsUOA
_dUA-OsUOA
245 _aПравоохранительные органы
_bУчебное пособие
300 _a296 с.
955 _a2
041 _arus
080 _a347.96(470+571)
020 _a5-9571-0216-4
260 _aБелгород
_c2006
650 7 _a347 Цивільне право. Судовий устрій
_2UDC
999 _c353638
_d353638